| 000 | 00484 a2200181 4500 | ||
|---|---|---|---|
| 003 | Nust | ||
| 005 | 20170207153439.0 | ||
| 040 | _cNust | ||
| 082 | _a005.1 | ||
| 100 | _aSaeed, NC Aamna BESE-10 | ||
| 245 |
_aAnomaly based denial of service detection system (Hard / Soft-copy) _cNC Aamna Saeed & NC Rozina Nisa BESE-10 |
||
| 260 |
_bMCS _c2006 |
||
| 300 | _a95 p. | ||
| 505 | _rNC Rozina Nisa | ||
| 538 | _aAlmirah No 71 Shelf No 5 | ||
| 650 | _aUG Projects | ||
| 651 | _aUG CS Projects | ||
| 942 | _cTHS | ||
| 999 |
_c186445 _d186445 |
||